[Event "AUTO-BEG-210"]
[Site "http://www.queenalice.com/game.php?id=391770"]
[Date "2008.4.22"]
[Round "1"]
[White "gacia007"]
[Black "Velasquez"]
[Result "0-1"]
[WhiteElo "1053"]
[BlackElo "1694"]

1. e4 e6 2. d4 d5 3. exd5 exd5 4. Qf3 Nf6 5. Bf4 Bg4 6. Qe3+ Be7 7. h3 Be6 8.
Qc3 Nc6 9. Nf3 Bb4 10. Qxb4 Nxb4 11. Na3 O-O 12. c3 Nc6 13. Nb5 Ne8 14. Bd3 f6
15. O-O a6 16. Na3 Nd6 17. Rae1 Bf7 18. Re2 f5 19. Nh4 g6 20. Nf3 Re8 21. Ng5
Rxe2 22. Bxe2 Qe7 0-1

[Event "revanche"]
[Site "http://www.queenalice.com/game.php?id=394017"]
[Date "2008.4.26"]
[Round "-"]
[White "gacia007"]
[Black "Hagi"]
[Result "0-1"]
[WhiteElo "1100"]
[BlackElo "1377"]

1. e4 e5 2. Nc3 c6 3. Bc4 Nf6 4. Nf3 d5 5. exd5 cxd5 6. Bb5+ Nc6 7. Be2 e4 8.
Ng1 Be7 9. d3 exd3 10. Qxd3 Nb4 11. Qd4 Nxc2+ 0-1

[Event "Challenge"]
[Site "http://www.queenalice.com/game.php?id=394232"]
[Date "2008.4.27"]
[Round "-"]
[White "ORNELAS"]
[Black "gacia007"]
[Result "1-0"]
[WhiteElo "1560"]
[BlackElo "1086"]

1. d4 e6 2. Nf3 Qe7 3. c3 Nf6 4. g3 d5 5. Ne5 Ne4 6. Nd2 f6 7. Nxe4 dxe4 8. Qa4+
Bd7 9. Nxd7 Nxd7 10. Bg2 f5 11. Bf4 O-O-O 12. Qxa7 Nb6 13. O-O Nc4 14. Qa8+ Kd7
15. Qxb7 g5 16. Bxc7 Re8 17. Be5+ Kd8 18. Qb8+ Kd7 19. Qb5+ Kd8 20. Bxh8 Nd6 21.
Qb8+ 1-0

[Event "Challenge"]
[Site "http://www.queenalice.com/game.php?id=692738"]
[Date "2009.12.4"]
[Round "-"]
[White "ORNELAS"]
[Black "gacia007"]
[Result "1-0"]
[WhiteElo "1788"]
[BlackElo "1039"]

1. d4 e6 2. Nf3 Nf6 3. Bg5 h6 4. Bd2 Be7 5. c3 Ne4 6. Bf4 g5 7. Be5 Bf6 8. Nbd2
d6 9. Bxf6 Qxf6 10. Nxe4 Qf4 11. Qc2 f5 12. Nf6+ Kf8 13. e3 Qxf3 14. gxf3 1-0

[Event "Challenge"]
[Site "http://www.queenalice.com/game.php?id=692741"]
[Date "2009.12.4"]
[Round "-"]
[White "gacia007"]
[Black "acm_chessmaster"]
[Result "0-1"]
[WhiteElo "1039"]
[BlackElo "1688"]

1. e4 e5 2. Qf3 Qf6 3. Nc3 Qxf3 4. Nxf3 d6 5. Nd5 Kd7 6. Ng5 Nh6 7. Bc4 f6 8.
Nf3 c6 9. Nc3 b5 10. Be2 a5 11. Nh4 Kc7 12. Nf5 Nxf5 13. exf5 Bxf5 14. d3 d5 15.
g4 Bg6 16. h4 Bb4 17. a3 Bxc3+ 18. bxc3 Nd7 19. c4 bxc4 20. dxc4 Bxc2 21. cxd5
cxd5 22. Ra2 Be4 23. Rh3 Rhb8 24. Rc3+ Kd8 25. Rac2 Bxc2 26. Rxc2 Rc8 27. Rxc8+
Rxc8 28. Kd2 h6 0-1

[Event "Challenge"]
[Site "http://www.queenalice.com/game.php?id=692750"]
[Date "2009.12.4"]
[Round "-"]
[White "bruhno"]
[Black "gacia007"]
[Result "1-0"]
[WhiteElo "1485"]
[BlackElo "1039"]

1. e4 e5 2. Qh5 g6 3. Qxe5+ Ne7 4. Qxh8 Nec6 5. b3 Nb4 6. Kd1 d5 7. c3 Nd3 8.
Bxd3 dxe4 9. Bxe4 Be6 10. Qxh7 Bf5 11. f3 Nc6 12. Bd5 Qxd5 13. Ne2 O-O-O 14. Nf4
Qd7 15. Re1 Bd6 16. d4 g5 17. Qh5 f6 18. Ng6 1-0

[Event "Challenge"]
[Site "http://www.queenalice.com/game.php?id=692753"]
[Date "2009.12.4"]
[Round "-"]
[White "gacia007"]
[Black "bruhno"]
[Result "0-1"]
[WhiteElo "1039"]
[BlackElo "1483"]

1. e4 e5 2. Bc4 Qe7 3. Qf3 Nc6 4. d3 Nd4 5. Qd1 b5 6. Bd5 c6 7. Bb3 a5 8. c3 Ne6
9. c4 a4 10. Bc2 Nd4 11. Nf3 d6 12. Nxd4 exd4 13. a3 bxc4 14. dxc4 Nf6 15. Qxd4
c5 16. Qe3 Ng4 0-1

[Event "AUTO-OPEN-1785"]
[Site "http://www.queenalice.com/game.php?id=692912"]
[Date "2009.12.4"]
[Round "1"]
[White "gacia007"]
[Black "glailton"]
[Result "0-1"]
[WhiteElo "1065"]
[BlackElo "1080"]

1. e4 c5 2. Bc4 e6 3. d4 d5 4. Bb5+ Bd7 5. Bxd7+ Qxd7 6. dxc5 Bxc5 7. exd5 exd5
8. b3 Qe7+ 9. Be3 d4 10. b4 Bxb4+ 11. Nd2 dxe3 12. Nh3 exd2+ 13. Kf1 Nf6 14. Nf4
g5 15. Ne2 O-O 16. a3 Bxa3 17. Qxd2 Ne4 18. Qd4 Bc5 19. Qd5 Nxf2 20. Rg1 Rd8 21.
Nc3 Nd1 22. Qf5 Ne3+ 0-1

[Event "AUTO-OPEN-1785"]
[Site "http://www.queenalice.com/game.php?id=692913"]
[Date "2009.12.4"]
[Round "1"]
[White "glailton"]
[Black "gacia007"]
[Result "1-0"]
[WhiteElo "1100"]
[BlackElo "1029"]

1. e4 e5 2. Nf3 Nf6 3. Nxe5 Nxe4 4. Qf3 Nd6 5. Bc4 Nxc4 6. Nxc4 Qe7+ 7. Qe2
Qxe2+ 8. Kxe2 b5 9. Ne3 Bb7 10. Nc3 Bc5 11. Ned5 Na6 12. Re1 O-O 13. Kf1 c6 14.
Nf4 Nb4 15. Rd1 Rfe8 16. a3 Nxc2 17. Rb1 Nd4 18. d3 g5 19. Nh3 b4 20. axb4 Bxb4
21. Nxg5 Re7 22. Nce4 1-0

[Event "Challenge"]
[Site "http://www.queenalice.com/game.php?id=694282"]
[Date "2009.12.7"]
[Round "-"]
[White "gacia007"]
[Black "Hagi"]
[Result "0-1"]
[WhiteElo "1039"]
[BlackElo "1679"]

1. e4 e5 2. Bc4 Nf6 3. d4 exd4 4. Qxd4 d6 5. e5 c5 6. Qd5 Nxd5 7. Bxd5 dxe5 8.
Nh3 Qxd5 9. O-O b6 10. Re1 Bb7 0-1